Anggaran kos pengeluaran dan pendapatan bagi buah-buahan.
| Corporate Author: | |
|---|---|
| Format: | Book |
| Published: |
Kuala Lumpur:
MARDI,
2005.
|
| Subjects: |
| LEADER | 00554cam a2200169 7i4500 | ||
|---|---|---|---|
| 001 | 0000017243 | ||
| 005 | 20060417090000.0 | ||
| 020 | 0 | 0 | |a 967-936-466-6 |
| 090 | 0 | 0 | |a M 581.46409595 |b INS |
| 110 | 2 | 0 | |a Institut Penyelidikan dan Kemajuan Pertanian Malaysia [MARDI] |
| 245 | 0 | 0 | |a Anggaran kos pengeluaran dan pendapatan bagi buah-buahan. |
| 260 | 0 | 0 | |a Kuala Lumpur: |b MARDI, |c 2005. |
| 300 | # | # | |a 307 p. |
| 650 | 0 | 0 | |a Fruit growers -- |z Malaysia |
| 650 | 0 | 0 | |a Fruit trade -- |z Malaysia |
| 651 | 0 | 0 | |a Malaysia |
| 999 | |a B000018461 |b Book |c Malaysia |e Business Information Centre | ||


